header

The expedition of Cyrus (Record no. 37556)

MARC details
000 -LEADER
fixed length control field 01749nam a2200445 a 4500
082 04 - DEWEY DECIMAL CLASSIFICATION NUMBER
Classification number 938
100 0# - MAIN ENTRY--AUTHOR NAME
Personal name Xenophon.
245 14 - TITLE STATEMENT
Title The expedition of Cyrus
260 ## - PUBLICATION, DISTRIBUTION, ETC. (IMPRINT)
Place of publication Oxford ;
-- New York :
Name of publisher Oxford University Press,
Year of publication 2005.
300 ## - PHYSICAL DESCRIPTION
Number of Pages xliii, 231 p. :
Other physical details ill., maps.
490 1# - SERIES STATEMENT
Series statement Oxford world's classics
700 1# - ADDED ENTRY--PERSONAL NAME
Personal name Waterfield, Robin,
Personal name Rood, Tim.
856 40 - ELECTRONIC LOCATION AND ACCESS
Uniform Resource Identifier http://site.ebrary.com/lib/rucke/Doc?id=10233600

No items available.

© 2026 Rongo University
Contact us: librarian | system librarian | Rongo university